| 000 | 01455cam a2200397 a 4500 | ||
|---|---|---|---|
| 001 | 14984191 | ||
| 003 | NUST | ||
| 005 | 20220622162002.0 | ||
| 008 | 070828s2006 wiua b 000 0aeng d | ||
| 010 | _a 2005904730 | ||
| 020 | _a9780976878117 | ||
| 020 | _a0976878119 | ||
| 035 | _a(OCoLC)ocm63760472 | ||
| 038 | _aArshad | ||
| 040 |
_aKNJ _cKNJ _dBAKER _dIXA _dIUL _dBTCTA _dDLC |
||
| 042 | _alccopycat | ||
| 043 |
_an-us--- _an-usc-- |
||
| 050 | 0 | 0 |
_aHM479.Q85 _bA3 2006 |
| 082 |
_a818.6 _bQUI |
||
| 100 | 1 |
_aQuinney, Richard. _97742 |
|
| 245 | 1 | 0 |
_aOnce again the wonder / _cRichard Quinney. |
| 250 | _a1st ed. | ||
| 260 |
_aMadison, WI : _bBorderland Books, _c2006. |
||
| 300 |
_axi, 213 p. : _bill. ; _c20 cm. |
||
| 504 | _aIncludes bibliographical references (p. 203-211). | ||
| 600 | 1 | 0 |
_aQuinney, Richard _vDiaries. _97743 |
| 650 | 0 |
_aExperience. _91792 |
|
| 650 | 0 |
_aUniversals (Philosophy) _97744 |
|
| 650 | 0 |
_aSociologists _zUnited States _vDiaries. _97745 |
|
| 651 | 0 |
_aMiddle West _vBiography. _97746 |
|
| 856 | 4 | 2 |
_3Contributor biographical information _uhttp://www.loc.gov/catdir/enhancements/fy0809/2005904730-b.html |
| 856 | 4 | 2 |
_3Publisher description _uhttp://www.loc.gov/catdir/enhancements/fy0809/2005904730-d.html |
| 906 |
_a7 _bcbc _ccopycat _d2 _eopcn _f20 _gy-gencatlg |
||
| 942 |
_2ddc _cBK |
||
| 999 |
_c590174 _d590174 |
||